000 01120cam a22003257a 4500
003 CHAP
005 20220329141840.0
008 980203d1989 mx ab r 00110 spa d
010 _a74765
011 _a75737
035 _a85306
040 _cCHAP
082 0 4 _a551.59
_bG36 1989
100 0 0 _aGarcía de Miranda, Enriqueta.
_945916
245 1 0 _aApuntes de climatología
_c/por Enriqueta García de Miranda
250 _a6 ed.
260 0 _aMéxico, D.F. :
_bEl autor,
_c1989.
300 _a155 p. :
_bilus. ; gráfs. ; mapas
590 _aBATCH-UPD
_b10
_c20130110
_lUCH01
_h1351
590 _aBATCH-UPD
_b10
_c20130410
_lUCH01
_h0847
590 _aBATCH-UPD
_b10
_c20130914
_lUCH01
_h0949
590 _aCONVERSION
_b10
_c20130109
_lUCH01
_h1341
650 1 4 _aClimatología.
_923864
901 _aBK
905 _aGuadalupe Pinto C.
942 _cLIBRO
949 _a551.59 G36 1989
_bBC
_cLIBRO
_d33724000732103
_eLIBRO
_fc.2
_h77392
_i85306
_si
949 _a551.59 G36 1989
_bBC
_cLIBRO
_d33724000732178
_eLIBRO
_fc.3
_h40583
_i85306
_si
949 _a551.59 G36 1989
_bBC
_cLIBRO
_d33724000868311
_eLIBRO
_h66850
_i85306
_si
_t$25.00
999 _c74765
_d74765